What makes a good natural resource management plan? (Registro nro. 11955)

Detalles MARC
000 -CABECERA
Campo de control 004300000a22001450004500
090 ## - CLASIFICACIÓN LOCAL
Colección AR
Consecutivo 02895
041 0# - IDIOMA
Código de idioma para texto/pista de sonido o título separado
100 1# - ASIENTO PRINCIPAL--NOMBRE PERSONAL
Nombre personal Fallding, Martin
245 10 - MENCION DE TITULO
Título What makes a good natural resource management plan?
650 14 - ASIENTO SECUNDARIO DE MATERIA - TERMINO TEMATICO
Término temático o nombre geográfico como elemento de entrada Planes de manejo
650 14 - ASIENTO SECUNDARIO DE MATERIA - TERMINO TEMATICO
Término temático o nombre geográfico como elemento de entrada Políticas ambientales
650 14 - ASIENTO SECUNDARIO DE MATERIA - TERMINO TEMATICO
Término temático o nombre geográfico como elemento de entrada Gestión ambiental
773 1# - Item fuente:
Título Ecological Management
Especificación de materiales 1291
Descripción física 3
Paginas del Articulo 185-194
Lugar, editorial y fecha de publicación 2000
Información sobre la relación 1
942 ## - ELEMENTOS ADICIONALES (KOHA)
Tipo de ítem Artículo
Existencias
Withdrawn status Lost status Damaged status No para préstamo Colección Ubicación Permanente Ubicación actual Fecha de adquisición Fuente de Valor Datos de publicación Seriada Total Checkouts Número topográfico Inventario / Código de Barras Date last seen Ejemplar Price effective from Forma de adquisición Tipo de material
      No para Préstamo Hemeroteca Bogotá Bogotá 27/02/2015 Arango, Natalia Fuera de circulación   AR 02895 013304 25/03/2015 1 25/03/2015   Artículo